00764 a2200229 4500010001400000020002300014035001300037037001600050082001000066090001700076100001800093245004900111250001400160260004500174270004800219300003800267650002600305700002600331942002500357999001700382952013500399 aENG-89189 a8120334434c450.00 aEN-72722 bDBAD / PUB00a658.3 c10471d104711 aDessler, Gary10aHuman resource management /cby Gary Dessler a11th ed. aNew DelhibPrentice Hall of Indiac2008 aM-97, Connaught CircusbNew Delhie110 001 axxvii, 801p. :bill.c27 cm (pbk) 0aPersonnel management.1 aDessler, Gary,d1942- adplcENk658.3 / DES c10198d10198 00102ddc40718NFICaDBADbDBADeDBAD/PUBg450.00l0o658.3 DESpEN-72722r2008-09-15 00:00:00t1u11228v450.00w2008-09-15yEN